[Event "Fall Chess Classic-A 2019"]
[Site "Saint Louis"]
[Date "2019.09.13"]
[Round "4.2"]
[White "Akobian, Varuzhan"]
[Black "Swiercz, Dariusz"]
[Result "1-0"]
[WhiteElo "2618"]
[BlackElo "2648"]
[Annotator "TA"]
[PlyCount "131"]
[EventDate "2019.09.10"]
[EventType "tourn"]
[EventCountry "USA"]
[SourceTitle "playchess.com"]
[Source "ChessBase"]
[SourceQuality "1"]

{[%evp 16,131,24,10,16,11,27,10,25,0,0,0,20,0,1,0,0,22,66,60,82,42,52,55,51,44,42,50,59,47,53,46,100,95,103,91,146,136,152,149,133,27,111,108,122,137,158,174,186,184,186,159,209,204,193,185,195,204,241,241,229,237,222,112,229,228,222,222,229,220,265,264,425,425,425,425,473,385,499,489,489,480,480,480,472,441,654,647,29970,29971,29970,29972,29972,29972,29972,29973,29980,29981,29985,29986,29988,29989,29989,29990,29990,29991,29993,29994,29994,29993,29993,29993,29993,29994,29994,29993,29995,29996]} 1. d4 Nf6 2. c4 g6 3. Nc3 d5 4. cxd5 Nxd5 5. e4 Nxc3 6. bxc3 Bg7 7. Ba3 O-O 8. Nf3 b6 9. Bc4 Bb7 {D85: Exchange Grünfeld: Unusual White 7th moves and lines with 7 Nf3} (9... Nc6 10. O-O Na5 11. Bd3 c5 12. dxc5 Qc7 13. Qe2 bxc5 14. Qe3 Bg4 15. Rfc1 Rfd8 16. Bf1 Rab8 17. Qxc5 {1-0 (57) Aronian,L (2792)-Giri,A (2782) Leuven 2016}) 10. Qe2 c5 11. O-O Qc7 {The position is equal.} 12. Rac1 Nc6 13. Rfd1 Rac8 $146 ({Predecessor:} 13... Na5 14. Bb5 Rfd8 15. Qe3 Rac8 16. dxc5 Rxd1+ 17. Rxd1 bxc5 18. Bxc5 {0-1 (39) Meijer,K (1800)-Balcazar Novoa,L (2116) LSS email 2008}) 14. h4 Na5 15. Bd3 e6 16. h5 Qc6 17. Rb1 Rfd8 18. Bc1 cxd4 19. cxd4 Qe8 20. hxg6 hxg6 21. Bg5 f6 22. Bd2 {Black must now prevent Bxa5.} Nc6 23. Bc3 g5 (23... Qf7 $14) 24. Bc4 $16 Nb8 25. Nd2 Nd7 (25... Ba6 $142) 26. Rbc1 Nf8 27. Bb3 Bc6 28. Qa6 (28. Nc4 $16) 28... Rc7 (28... Bb5 $1 $11 29. Qxa7 Ng6) 29. Bb2 Bb5 30. Qa3 $36 {[%mdl 2048] White is really pushing.} Rxc1 31. Rxc1 a5 32. Nc4 $1 a4 33. Bd1 {aiming for Nd6.} Qc6 {[#]} 34. d5 $1 {[%cal Rd5c6][%mdl 512]} Qc5 (34... exd5 35. Ne3) 35. Ne3 Qxa3 36. Bxa3 Bd3 37. Be7 Ra8 38. Bf3 Ng6 {[#]} 39. Bd6 (39. d6 $1 $18 {Threatens to win with e5!} Ra7 40. Bg4) 39... f5 (39... exd5 $16 40. exd5 (40. Nxd5 Re8 $16) 40... Ne5) 40. dxe6 $18 g4 41. exf5 {[%mdl 64] Discovered Attack} gxf3 42. fxg6 Bxg6 43. Nd5 (43. gxf3 $6 Re8 $18) 43... Rd8 $2 (43... Re8 44. e7 (44. gxf3 Rxe6 45. Bb4 Bf7 $14) 44... fxg2) 44. Ne7+ Kh7 45. Nxg6 Kxg6 {[%mdl 4096] Endgame KRB-KRB} 46. e7 Re8 47. Rc6 b5 48. Rb6 fxg2 49. Rxb5 Bf6 50. Ra5 Bxe7 (50... Kf7 $142 51. Rxa4 (51. Kxg2 Ke6 $18) 51... Ke6) 51. Re5 Kf7 52. Rxe7+ {White mates.} Rxe7 53. Bxe7 Kxe7 54. Kxg2 {KPP-KP} Kd6 55. Kf3 Kc5 56. Ke4 Kb4 57. f4 Ka3 58. f5 Kxa2 {KP-KP} 59. f6 a3 60. f7 Kb2 61. f8=Q a2 62. Qb4+ Kc2 63. Qa3 Kb1 64. Qb3+ Ka1 65. Qc3+ Kb1 66. Kd3 {Accuracy: White = 74%, Black = 40%.} 1-0

[Event "Fall Chess Classic-A 2019"]
[Site "Saint Louis"]
[Date "2019.09.13"]
[Round "4.3"]
[White "Melkumyan, Hrant"]
[Black "Van Foreest, Jorden"]
[Result "1/2-1/2"]
[WhiteElo "2653"]
[BlackElo "2622"]
[Annotator "TA"]
[PlyCount "99"]
[EventDate "2019.09.10"]
[EventType "tourn"]
[EventCountry "USA"]
[SourceTitle "playchess.com"]
[Source "ChessBase"]
[SourceQuality "1"]

{[%evp 9,99,6,15,0,0,-12,18,23,25,30,23,29,30,38,26,36,36,37,30,32,33,32,21,16,23,23,16,16,18,16,29,11,19,12,22,8,10,10,13,0,0,0,6,7,8,6,7,6,0,0,0,0,0,0,0,0,0,0,0,0,0,0,0,-8,-8,-8,-8,-8,-8,-8,0,-10,0,0,0,0,0,0,0,-3,0,0,0,0,0,0,0,0,0,0,0,0]} 1. d4 Nf6 2. c4 e6 3. Nf3 d5 4. Nc3 dxc4 5. e4 Bb4 6. Bxc4 {D24: Queen's Gambit Accepted: 3 Nf3 Nf6 4 Nc3} Nxe4 7. O-O Nf6 8. Qa4+ Nc6 9. Ne5 Rb8 10. d5 exd5 {[#]} 11. Nxd5 $1 {[%mdl 512]} Nxd5 12. Nxc6 bxc6 13. Qxc6+ {[%mdl 64] Double Attack} Qd7 14. Qxd5 {[#]} O-O $146 15. Bf4 Qg4 16. Qg5 Bd6 17. Qxg4 Bxg4 18. Bxd6 cxd6 19. b3 Rfe8 20. Rfe1 Kf8 {The position is equal.} 21. Kf1 a5 22. Rxe8+ (22. Rac1 {seems wilder.} Bd7 23. Red1 Rb6 24. Rc3 a4 25. Rf3) 22... Rxe8 $11 {[%mdl 4096] Endgame KRB-KRB} 23. f3 Be6 24. Bd3 Rc8 25. Ke2 (25. Bxh7 g6 $17) 25... Rc5 26. Kd2 ({Of course not} 26. Bxh7 g6 $17) 26... Ke7 27. Re1 ({Don't play} 27. Bxh7 g6 $17) 27... Kd7 28. Re4 ({Much weaker is} 28. Bxh7 g6 $17) 28... h6 29. Rd4 Kc6 30. Be4+ Kc7 31. Bc2 Rb5 32. f4 Kc6 33. Be4+ Kc5 34. Ke3 Rb4 35. Rd1 {White wants to play Rc1+.} d5 36. Rc1+ Kd6 37. Bc2 g5 38. fxg5 hxg5 39. g3 f5 40. a3 f4+ 41. gxf4 Rxf4 42. Rg1 Rh4 {...d4+ is the strong threat.} 43. Rxg5 Rxh2 44. Kd3 Rf2 45. Bd1 Ra2 46. Kc3 d4+ 47. Kd3 Rxa3 48. Kxd4 Bxb3 49. Bxb3 Rxb3 50. Rxa5 {Accuracy: White = 72%, Black = 80%.} 1/2-1/2

[Event "Fall Chess Classic-A 2019"]
[Site "Saint Louis"]
[Date "2019.09.13"]
[Round "4.4"]
[White "Bortnyk, Olexandr"]
[Black "Durarbayli, Vasif"]
[Result "1-0"]
[WhiteElo "2602"]
[BlackElo "2626"]
[Annotator "TA"]
[PlyCount "111"]
[EventDate "2019.09.10"]
[EventType "tourn"]
[EventCountry "USA"]
[SourceTitle "playchess.com"]
[Source "ChessBase"]
[SourceQuality "1"]

{[%evp 9,111,13,19,-19,-1,-16,3,-44,-44,-65,-42,-39,-38,-62,-56,-58,-58,-58,-68,-59,-94,-67,-19,-29,0,0,0,-55,-60,-54,-65,-65,-58,-72,-50,-79,-58,-41,-50,-39,-39,-42,-43,-58,-51,-53,-61,-56,-107,-73,-77,-138,-145,-154,0,0,0,0,-8,-4,0,0,0,-12,-3,-35,0,-25,0,0,0,0,0,-12,0,0,0,-22,-22,-67,-16,-20,0,0,0,0,0,0,29970,29971,29969,29972,29968,29969,29978,29979,29979,29980,29979,29981,29980,29981,29975,29976]} 1. e4 e5 2. Bc4 Nf6 3. d3 c6 4. Nf3 d5 5. Bb3 a5 {aiming for ...a4.} 6. a3 {C24: Bishop's Opening: 2...Nf6} ({Don't go for} 6. Nxe5 $2 a4 $19) 6... a4 (6... Bd6 7. exd5 Nxd5 8. O-O O-O 9. Re1 Bg4 10. Nbd2 Nd7 11. h3 Bh5 12. Ne4 Qc7 13. Ng3 Bg6 {0-1 (48) Anand,V (2767)-Yu,Y (2738) Stavanger 2019}) 7. Ba2 Bd6 8. Qe2 $146 {The position is equal.} ({Predecessor:} 8. Nc3 d4 9. Ne2 O-O 10. O-O c5 11. Ng3 Be6 12. h3 Nc6 13. Nh4 g6 {1-0 (85) Kovalev,V (2640)-Fridman,D (2640) Liepaja 2017}) 8... O-O 9. h3 Nbd7 10. O-O h6 11. Re1 Re8 12. Qf1 Nf8 13. Nc3 {[%cal Re4d5]} Bb8 14. g4 Ng6 15. Qg2 Be6 16. g5 hxg5 17. Nxg5 Ra5 18. Nxe6 (18. Kh1 $11) 18... Rxe6 $15 19. Bg5 Qd7 20. Kh1 Nh7 21. exd5 cxd5 22. Bd2 {[%cal Rc3d5]} Nf6 23. Rg1 Rc5 24. Rae1 Kf8 25. Be3 Ra5 $1 26. Bg5 Ba7 $1 27. Bd2 Rc6 28. b4 axb3 29. Bxb3 Rxa3 30. Nb5 {[#]} (30. Rc1 $142) 30... Rxb3 $1 $17 {[%mdl 512]} 31. cxb3 {[#]} Rc2 ({Black should play} 31... Bb6 $1 $17 {Strongly threatening ...Rc2.} 32. Re2 Kg8) 32. Bb4+ $11 Bc5 33. Na3 $36 {[%mdl 2048] Black is under pressure.} Bxb4 34. Nxc2 Bxe1 35. Nxe1 Qb5 36. Qg5 Qxb3 37. Qf5 Qb6 38. Qc8+ Ne8 39. Nf3 Ne7 40. Qg4 $1 f6 41. Qh4 Qb3 42. Qh8+ Kf7 $1 43. Rg3 d4 44. h4 Qd1+ (44... Qd5 $15) 45. Kh2 Qf1 46. Ng5+ $1 fxg5 47. Rf3+ Nf6 48. hxg5 {[%mdl 64] Pin} Ng6 $2 {[%mdl 8192]} (48... Ned5 $11 49. gxf6 gxf6) 49. Rxf6+ $1 {White mates.} gxf6 50. Qxf6+ Ke8 51. Qxg6+ Kd7 52. Qf7+ Kd6 53. g6 Qxd3 54. g7 Qh7+ 55. Kg3 Qd3+ 56. Qf3 {Accuracy: White = 68%, Black = 69%.} 1-0

[Event "Fall Chess Classic-A 2019"]
[Site "Saint Louis"]
[Date "2019.09.13"]
[Round "4.5"]
[White "Ipatov, Alexander"]
[Black "Lenderman, Aleksandr"]
[Result "1/2-1/2"]
[WhiteElo "2650"]
[BlackElo "2645"]
[Annotator "TA"]
[PlyCount "73"]
[EventDate "2019.09.10"]
[EventType "tourn"]
[EventCountry "USA"]
[SourceTitle "playchess.com"]
[Source "ChessBase"]
[SourceQuality "1"]

{[%evp 11,73,0,30,0,0,0,0,0,0,0,18,0,0,-27,0,0,0,-45,-9,-47,-31,-43,-31,-102,-96,-74,-91,-179,-165,-162,-164,-164,-160,-156,-115,-169,-158,-193,-147,-139,-39,-56,0,0,0,0,0,0,0,0,0,0,0,0,0,0,0,0,0,0,0,0,0,0]} 1. d4 e6 2. c4 Nf6 3. Nf3 d5 4. Nc3 Bb4 5. Bg5 h6 6. Bh4 dxc4 7. a3 {D38: Queen's Gambit Declined: Ragozin Defence (4 Nf3 Bb4)} (7. Qa4+ {looks sharper.} Nc6 8. e3 Bd7 9. Qc2 b5 10. a3) 7... Bxc3+ 8. bxc3 Nbd7 9. e3 b5 10. a4 c6 11. Be2 $146 ({Predecessor:} 11. Qb1 Qa5 12. Qb2 Ne4 13. axb5 Qxb5 14. Qc1 c5 {½-½ (85) Mamedyarov,S (2790)-Navara,D (2739) Shamkir 2019}) 11... a6 12. O-O Bb7 (12... g5 $5 {[%cal Rg5h4]} 13. Bg3 Ne4 $11) 13. Qb1 Qc8 $36 {[%mdl 2048] Black fights for an advantage.} 14. Qb2 O-O 15. Rfb1 Nd5 16. Bg3 c5 17. Nd2 (17. axb5 $15 axb5 18. Rxa8 Bxa8 19. Bd6) 17... cxd4 $17 18. exd4 Bc6 19. Ne4 (19. Bd1 $17) 19... f5 $1 $19 {[%cal Rf5e4]} 20. Nd6 Qd8 $1 21. axb5 axb5 22. Rxa8 Bxa8 23. f3 {[#]} (23. h3 $17) 23... Bc6 $1 24. Bf1 Qe7 {Hoping for ...f4.} 25. Nxb5 {[#] aiming for Bd6.} Bxb5 ({Black should try} 25... f4 $1 $17 {[%cal Rf4g3]} 26. Na7 Ba4) 26. Qxb5 $15 Nxc3 (26... f4 $1 $15 27. Bh4 g5) 27. Qb4 $11 {The position is equal.} Qxb4 28. Rxb4 Nd5 29. Rxc4 Ne3 30. Rc7 Nxf1 31. Bd6 Rd8 32. Kxf1 {Be7 is the strong threat.} Nf6 33. Be5 Rd7 34. Rc8+ Kf7 35. h4 Nd5 36. Kf2 Ne7 37. Rc5 {Accuracy: White = 52%, Black = 73%.} 1/2-1/2

[Event "Fall Chess Classic-A 2019"]
[Site "Saint Louis"]
[Date "2019.09.14"]
[Round "5.1"]
[White "Lenderman, Aleksandr"]
[Black "Robson, Ray"]
[Result "0-1"]
[WhiteElo "2645"]
[BlackElo "2653"]
[Annotator "TA"]
[PlyCount "164"]
[EventDate "2019.09.10"]
[EventType "tourn"]
[EventCountry "USA"]
[SourceTitle "playchess.com"]
[Source "ChessBase"]
[SourceQuality "1"]

{[%evp 11,164,12,20,19,17,19,25,26,21,6,11,29,29,15,14,10,17,10,17,12,31,26,31,31,25,19,31,26,24,27,65,24,28,31,22,29,30,35,35,7,18,14,11,11,10,3,10,3,3,3,8,0,9,0,12,0,0,0,0,0,0,0,40,35,40,40,46,41,41,42,41,52,43,0,0,0,0,0,0,0,0,0,0,0,0,0,0,0,0,0,70,0,0,0,0,0,0,0,0,0,0,0,0,0,0,-18,-18,-16,-31,-12,0,0,0,0,0,-5,0,0,23,0,0,0,0,0,0,0,0,0,0,-18,-18,-18,-21,-78,-82,-536,-514,-29974,-29975,-29973,-29976,-29975,-29976,-29985,-29973,-29979,-29966,-29989,-29990,-29992,-29992,-29992,-29993,-29996,-1058]} 1. Nf3 d5 2. d4 Nf6 3. c4 c6 4. e3 Bg4 5. cxd5 ({Predecessor:} 5. Nc3 e6 6. cxd5 {½-½ (42) Voiculescu,C (2522)-Acevedo Villalba,A (2549) ICCF email 2012}) 5... cxd5 6. Nc3 e6 7. Qa4+ {D13: Slav Defence: Exchange variation without ...Bf5} Nbd7 $1 8. Ne5 {Hoping for h3.} a6 9. Nxg4 $146 {White has an edge.} (9. f3 Bf5 10. g4 Bg6 11. h4 b5 12. Qd1 b4 13. h5 Bxh5 14. Nxd7 Nxd7 15. Rxh5 bxc3 16. bxc3 {1-0 (75) Shankland,S (2679)-Sethuraman,S (2640) Baku 2016}) 9... Nxg4 10. Qb3 b5 11. h3 Ngf6 12. Bd3 Bd6 13. O-O O-O 14. Bd2 Nb6 15. Rfc1 Rc8 16. a4 b4 17. Ne2 a5 18. Be1 Qd7 19. Bb5 Qa7 20. f3 e5 21. Bh4 Qe7 22. dxe5 Qxe5 23. Bg3 Qe7 24. Bxd6 Qxd6 25. Qd3 Nfd7 26. Bxd7 Nxd7 27. Nf4 Nf6 28. b3 h6 29. Kf2 Rfe8 30. Qd2 Rcd8 {Black wants to play ...d4.} 31. Qd4 Rc8 32. Nd3 Qe7 33. Rxc8 (33. Ra2 {is interesting.} Rxc1 34. Nxc1 Rc8 35. Ne2 Rc5 36. Rd2) 33... Rxc8 34. Rc1 Rxc1 35. Nxc1 Qc7 36. Qd2 Qe5 37. Ne2 Qf5 {...Ne4+ is the strong threat.} 38. Qc1 Qd3 39. Nd4 g6 40. Qc5 Qd2+ 41. Ne2 Qa2 42. Qd4 (42. Qxa5 {is more complex.} Qxb3 43. Qb6 Kg7 44. a5 Qa3 45. a6) 42... Kg7 43. Qd3 Qb2 44. h4 h5 45. Qd1 Qe5 46. Qd4 Qf5 47. Qb2 Kg8 {aiming for ...Ng4+.} 48. Nf4 Nd7 49. Qc1 Qe5 50. Ne2 Qf6 ({Black should play} 50... Qd6 $11) 51. Qc8+ (51. Qc7 $1 $14 Ne5 52. Nf4) 51... Nf8 $11 52. Qc7 Qxh4+ 53. Kf1 $1 Qg5 54. Qxa5 Qxe3 55. Qxb4 Ne6 56. Qc3 Qa7 57. Qd3 d4 58. Qb5 Qc7 59. Ke1 Qc2 60. Qc4 Qb2 61. Kd1 h4 62. Qc2 Qa3 63. Nc1 Nc5 64. Qc4 d3 65. Nxd3 Nxb3 66. Kc2 Na1+ 67. Kd2 Nb3+ 68. Ke3 Qa2 69. Qc8+ Kh7 {And now ...Qd2+ would win.} 70. Qc3 Qxa4 {Strongly threatening ...Qa7+.} 71. Qf6 $1 Kg8 72. Qd8+ (72. Ne5 $1 $11 Qd4+ 73. Ke2) 72... Kg7 $17 {Threatens to win with ...Qa7+.} 73. f4 $2 {[%mdl 8192] [#]} (73. Qd6 $17 {is tougher.}) 73... Qa7+ $1 $19 74. Kf3 {[#]} (74. Ke2 $19 Nd4+ 75. Kf1) 74... Nd4+ $1 {Black mates.} 75. Kg4 Nf5 76. Qe8 {[#]} Qg1 $1 {[%cal Rg1g2]} 77. Qe5+ Kh7 {[%cal Rg1g2]} 78. Kg5 h3 79. Ne1 h2 80. Qe8 h1=Q {[%csl Gf5][%cal Rh1h4]} 81. Qxf7+ Ng7 82. Nf3 Qh5+ {Accuracy: White = 61%, Black = 71%.} 0-1

[Event "Fall Chess Classic-A 2019"]
[Site "Saint Louis"]
[Date "2019.09.14"]
[Round "5.2"]
[White "Durarbayli, Vasif"]
[Black "Ipatov, Alexander"]
[Result "0-1"]
[WhiteElo "2626"]
[BlackElo "2650"]
[Annotator "RC"]
[PlyCount "81"]
[EventDate "2019.09.10"]
[EventType "tourn"]
[EventCountry "USA"]
[SourceTitle "playchess.com"]
[Source "ChessBase"]
[SourceQuality "1"]
[TimeControl "40/5400+30:1800+30"]

1. e4 {[%emt 0:00:00]} b6 {[%emt 0:00:00]} 2. d4 {[%emt 0:02:27]} Bb7 {[%emt 0:00:00]} 3. Bd3 {[%emt 0:00:07]} g6 {[%emt 0:00:04]} 4. c3 {[%emt 0:14:21]} Bg7 {[%emt 0:00:22]} 5. Bg5 {[%emt 0:00:38]} d6 {[%emt 0:02:11]} 6. Nf3 {[%emt 0:02:34]} Nd7 {[%emt 0:00:17]} 7. Nbd2 {[%emt 0:02:56]} h6 {[%emt 0:09:04]} 8. Bh4 {[%emt 0:00:52]} Ngf6 {[%emt 0:01:18]} 9. e5 {[%emt 0:16:11]} dxe5 {[%emt 0:00:55]} 10. dxe5 {[%emt 0:00:15]} Nc5 {[%emt 0:00:03]} 11. Bb5+ {[%emt 0:03:37]} Nfd7 {[%emt 0:00:13]} 12. b4 {[%emt 0:02:47]} Ne6 {[%emt 0:04:25]} 13. Bg3 {[%emt 0:03:07]} c5 {[%emt 0:07:19]} 14. O-O {[%emt 0:06:15]} Nc7 {[%emt 0:12:26]} 15. Bc4 {[%emt 0:00:10]} b5 {[%emt 0:07:30]} 16. Bb3 {[%emt 0:00:45]} c4 {[%emt 0:05:33]} 17. Bc2 {[%emt 0:00:21]} Ne6 {[%emt 0:00:08]} 18. a4 {[%emt 0:00:59]} a6 {[%emt 0:00:10]} 19. h4 {[%emt 0:05:27]} Nb6 {[%emt 0:04:12]} 20. Re1 {[%emt 0:01:49]} O-O {[%emt 0:01:57]} 21. h5 {[%emt 0:02:25]} g5 {[%emt 0:00:42]} 22. Qe2 {[%emt 0:04:00]} Nxa4 {[%emt 0:01:46]} 23. Bxa4 {[%emt 0:02:53]} bxa4 {[%emt 0:00:13]} 24. Nxc4 {[%emt 0:00:36]} Rc8 {[%emt 0:02:21]} 25. Na5 {[%emt 0:00:26]} Ba8 {[%emt 0:00:25]} 26. Rec1 {[%emt 0:02:16]} Qb6 {[%emt 0:06:32]} 27. Rxa4 {[%emt 0:00:49]} Qb5 {[%emt 0:02:39]} 28. Ra2 {[%emt 0:02:28]} Rfd8 {[%emt 0:00:49]} 29. Nb3 {[%emt 0:03:55]} Bd5 {[%emt 0:06:09]} 30. Nbd4 {[%emt 0:02:23]} Qxe2 {[%emt 0:00:24]} 31. Rxe2 {[%emt 0:00:07]} g4 {[%emt 0:00:02]} 32. Nf5 {[%emt 0:10:56]} gxf3 {[%emt 0:00:58]} 33. Re3 {[%emt 0:00:01]} Bf8 {[%emt 0:07:10]} 34. gxf3 {[%emt 0:00:05]} Ng5 {[%emt 0:01:23]} 35. Nh4 {[%emt 0:03:04]} e6 {[%emt 0:00:27]} 36. Rce1 {[%emt 0:02:58]} Rc4 {[%emt 0:00:35]} 37. Kh2 {[%emt 0:00:26]} Rdc8 {[%emt 0:00:19]} 38. f4 {[%emt 0:00:05]} Ne4 {[%emt 0:00:12]} 39. f5 {[%emt 0:00:17]} Nxg3 {[%emt 0:01:21]} 40. Kxg3 {[%emt 0:00:00]} Rxc3 {[%emt 0:00:00]} 41. f6 {[%emt 0:01:33]} 0-1

[Event "Fall Chess Classic-A 2019"]
[Site "Saint Louis"]
[Date "2019.09.14"]
[Round "5.3"]
[White "Van Foreest, Jorden"]
[Black "Bortnyk, Olexandr"]
[Result "1-0"]
[WhiteElo "2622"]
[BlackElo "2602"]
[Annotator "RC"]
[PlyCount "51"]
[EventDate "2019.09.10"]
[EventType "tourn"]
[EventCountry "USA"]
[SourceTitle "playchess.com"]
[Source "ChessBase"]
[SourceQuality "1"]
[TimeControl "40/5400+30:1800+30"]

1. e4 {[%emt 0:00:00]} Nf6 {[%emt 0:00:19]} 2. e5 {[%emt 0:00:00]} Nd5 {[%emt 0:00:01]} 3. d4 {[%emt 0:00:11]} d6 {[%emt 0:00:06]} 4. Nf3 {[%emt 0:00:24]} dxe5 {[%emt 0:00:10]} 5. Nxe5 {[%emt 0:00:11]} c6 {[%emt 0:00:06]} 6. h3 {[%emt 0:00:44]} g6 {[%emt 0:02:02]} 7. Bc4 {[%emt 0:00:13]} Bg7 {[%emt 0:00:11]} 8. O-O {[%emt 0:00:09]} O-O {[%emt 0:00:14]} 9. Re1 {[%emt 0:00:09]} Nd7 {[%emt 0:00:05]} 10. Nf3 {[%emt 0:00:14]} a5 {[%emt 0:00:47]} 11. a4 {[%emt 0:02:06]} N7b6 {[%emt 0:00:46]} 12. Bb3 {[%emt 0:05:02]} Bf5 {[%emt 0:05:00]} 13. Bg5 {[%emt 0:05:20]} Re8 {[%emt 0:01:14]} 14. Qd2 {[%emt 0:02:49]} Qc7 {[%emt 0:05:27]} 15. Na3 {[%emt 0:02:59]} Qd7 {[%emt 0:23:55]} 16. Rad1 {[%emt 0:05:53]} h6 {[%emt 0:13:26]} 17. Bxh6 {[%emt 0:09:22]} Bxh3 {[%emt 0:00:14]} 18. Ne5 {[%emt 0:06:09]} Bxe5 {[%emt 0:00:24]} 19. dxe5 {[%emt 0:00:14]} Be6 {[%emt 0:10:39]} 20. Qg5 {[%emt 0:04:36]} Qc7 {[%emt 0:00:50]} 21. Rd4 {[%emt 0:00:08]} Bf5 {[%emt 0:01:22]} 22. c4 {[%emt 0:07:01]} Nb4 {[%emt 0:00:22]} 23. Re3 {[%emt 0:01:06]} Nd7 {[%emt 0:02:25]} 24. Qxf5 {[%emt 0:02:21]} Qxe5 {[%emt 0:05:58]} 25. Qxe5 {[%emt 0:00:37]} Nxe5 {[%emt 0:00:07]} 26. Rxe5 {[%emt 0:00:05]} 1-0

[Event "Fall Chess Classic-A 2019"]
[Site "Saint Louis"]
[Date "2019.09.14"]
[Round "5.4"]
[White "Swiercz, Dariusz"]
[Black "Melkumyan, Hrant"]
[Result "1/2-1/2"]
[WhiteElo "2648"]
[BlackElo "2653"]
[Annotator "TA"]
[PlyCount "55"]
[EventDate "2019.09.10"]
[EventType "tourn"]
[EventCountry "USA"]
[SourceTitle "playchess.com"]
[Source "ChessBase"]
[SourceQuality "1"]

{[%evp 14,55,8,-20,-24,-21,0,0,10,-11,-2,-15,0,0,27,-5,23,19,21,31,32,26,27,18,18,20,20,17,16,23,23,18,16,3,8,0,0,0,0,0,15,0,26,0]} 1. e4 e5 2. Nf3 Nc6 3. d4 exd4 4. Nxd4 Nf6 5. Nxc6 bxc6 6. e5 Qe7 7. Qe2 Nd5 8. h4 a5 {C45: Scotch Game} (8... Qe6 9. Nd2 d6 10. exd6 Bxd6 11. Nc4 Bc5 12. a3 O-O 13. Qxe6 Bxe6 14. Bd3 Rfe8 15. O-O a5 16. Ne5 {½-½ (38) Caruana,F (2828)-Robson,R (2667) Saint Louis 2019}) 9. c4 Ba6 10. b3 f6 $146 {The position is equal.} (10... a4 $5) ({Predecessor:} 10... Nb6) 11. exf6 Nxf6 12. Nc3 O-O-O 13. Bb2 Qd6 {[#] White must now prevent ...Re8.} 14. Rh3 (14. Rd1 $5 {[%cal Rd1d6]} Qb4 15. Qc2 $14) 14... Re8 15. Re3 Rxe3 16. Qxe3 {c5 is the strong threat.} Qc5 17. Qxc5 Bxc5 18. Be2 Re8 19. Kf1 Bd4 20. Na4 Bxb2 21. Nxb2 c5 22. Na4 d6 23. Bf3 Rf8 24. Re1 Kd8 25. Rd1 Ke7 26. Re1+ Kd8 27. Rd1 Ke7 28. Re1+ {Accuracy: White = 52%, Black = 56%.} 1/2-1/2

[Event "Fall Chess Classic-A 2019"]
[Site "Saint Louis"]
[Date "2019.09.14"]
[Round "5.5"]
[White "Smirin, Ilia"]
[Black "Akobian, Varuzhan"]
[Result "1-0"]
[WhiteElo "2599"]
[BlackElo "2618"]
[Annotator "RC"]
[PlyCount "101"]
[EventDate "2019.09.10"]
[EventType "tourn"]
[EventCountry "USA"]
[SourceTitle "playchess.com"]
[Source "ChessBase"]
[SourceQuality "1"]
[TimeControl "40/5400+30:1800+30"]

1. e4 {[%emt 0:02:51]} e6 {[%emt 0:00:04]} 2. d4 {[%emt 0:00:18]} d5 {[%emt 0:00:20]} 3. Nd2 {[%emt 0:00:05]} c5 {[%emt 0:00:44]} 4. Ngf3 {[%emt 0:00:16]} cxd4 {[%emt 0:01:56]} 5. Nxd4 {[%emt 0:00:31]} Nc6 {[%emt 0:00:07]} 6. Bb5 {[%emt 0:00:42]} Bd7 {[%emt 0:00:10]} 7. Nxc6 {[%emt 0:00:06]} bxc6 {[%emt 0:00:05]} 8. Bd3 {[%emt 0:00:20]} Qc7 {[%emt 0:02:26]} 9. Qe2 {[%emt 0:10:13]} Ne7 {[%emt 0:00:42]} 10. g3 {[%emt 0:04:33]} Ng6 {[%emt 0:21:51]} 11. f4 {[%emt 0:01:18]} Bc5 {[%emt 0:09:01]} 12. Nb3 {[%emt 0:15:11]} Bb6 {[%emt 0:00:15]} 13. Be3 {[%emt 0:00:19]} O-O {[%emt 0:05:51]} 14. O-O {[%emt 0:04:49]} c5 {[%emt 0:03:03]} 15. c4 {[%emt 0:00:20]} d4 {[%emt 0:03:48]} 16. Bf2 {[%emt 0:13:35]} f5 {[%emt 0:03:32]} 17. Qh5 {[%emt 0:01:36]} Rae8 {[%emt 0:04:55]} 18. Rae1 {[%emt 0:03:11]} Qc8 {[%emt 0:01:43]} 19. exf5 {[%emt 0:08:48]} exf5 {[%emt 0:00:16]} 20. Rxe8 {[%emt 0:02:42]} Bxe8 {[%emt 0:10:45]} 21. Qd1 {[%emt 0:00:33]} Bc6 {[%emt 0:00:49]} 22. Be2 {[%emt 0:08:13]} Qb7 {[%emt 0:01:45]} 23. Be1 {[%emt 0:01:32]} Re8 {[%emt 0:00:40]} 24. Bd2 {[%emt 0:01:16]} Ne7 {[%emt 0:08:06]} 25. Nc1 {[%emt 0:02:18]} Be4 {[%emt 0:08:14]} 26. Nd3 {[%emt 0:00:58]} Nc6 {[%emt 0:00:01]} 27. a3 {[%emt 0:01:19]} a5 {[%emt 0:01:15]} 28. Re1 {[%emt 0:01:37]} Ba7 {[%emt 0:00:44]} 29. Bf3 {[%emt 0:01:41]} Qd7 {[%emt 0:10:36]} 30. Nf2 {[%emt 0:01:10]} Bxf3 {[%emt 0:00:10]} 31. Rxe8+ {[%emt 0:00:35]} Qxe8 {[%emt 0:00:04]} 32. Qxf3 {[%emt 0:00:04]} g6 {[%emt 0:00:18]} 33. Qd5+ {[%emt 0:00:56]} Kg7 {[%emt 0:00:15]} 34. Kf1 {[%emt 0:00:20]} a4 {[%emt 0:00:06]} 35. g4 {[%emt 0:02:30]} Ne7 {[%emt 0:01:03]} 36. Qb7 {[%emt 0:06:07]} Bb8 {[%emt 0:00:02]} 37. gxf5 {[%emt 0:00:07]} gxf5 {[%emt 0:00:07]} 38. Qb6 {[%emt 0:00:46]} Ng6 {[%emt 0:02:36]} 39. Qxc5 {[%emt 0:00:23]} Qd7 {[%emt 0:00:28]} 40. Nd3 {[%emt 0:00:00]} Kh6 {[%emt 0:00:00]} 41. Qb5 {[%emt 0:06:12]} Qc8 {[%emt 0:03:12]} 42. Qd5 {[%emt 0:02:49]} Ba7 {[%emt 0:03:34]} 43. c5 {[%emt 0:02:09]} Bb8 {[%emt 0:04:03]} 44. Ke2 {[%emt 0:05:11]} Qe8+ {[%emt 0:00:21]} 45. Kd1 {[%emt 0:00:07]} Qc8 {[%emt 0:05:26]} 46. Qxd4 {[%emt 0:01:05]} Qc6 {[%emt 0:00:07]} 47. Kc2 {[%emt 0:01:15]} Bc7 {[%emt 0:01:26]} 48. Nb4 {[%emt 0:01:02]} Qf3 {[%emt 0:01:21]} 49. Nd5 {[%emt 0:00:36]} Bd8 {[%emt 0:00:05]} 50. c6 {[%emt 0:01:01]} Qb3+ {[%emt 0:00:31]} 51. Kc1 {[%emt 0:00:15]} 1-0